Carta del Emmo. Sr. Cardenal Rampolla al Excmo. e Ilmo. Señor Arzobispo-Obispo de Madrid-Alcalá y Panegírico de Santo Tomás de Aquino / (Record no. 162957)
[ view plain ]
| 000 -LEADER | |
|---|---|
| campo de control de longitud fija | 00885nam a2200205 i 4500 |
| 001 - NÚMERO DE CONTROL | |
| campo de control | 162957 |
| 003 - IDENTIFICADOR DE NÚMERO DE CONTROL | |
| campo de control | ES-MaACL |
| 005 - FECHA Y HORA DE LA ÚLTIMA TRANSACCIÓN | |
| campo de control | 20250804012212.0 |
| 008 - DATOS DE LONGITUD FIJA--INFORMACIÓN GENERAL | |
| campo de control de longitud fija | 951113s1894 sp |||| | spa d |
| 040 ## - FUENTE DE CATALOGACIÓN | |
| Centro catalogador/agencia de origen | AS |
| Lengua de catalogación | spa |
| Centro/agencia transcriptor | CCPB | SIC |
| 100 1# - ENTRADA PRINCIPAL--NOMBRE DE PERSONA | |
| Nombre de persona | Rampolla del Tíndaro, Mariano. |
| 9 (RLIN) | 131585 |
| 245 10 - MENCIÓN DEL TÍTULO | |
| Título | Carta del Emmo. Sr. Cardenal Rampolla al Excmo. e Ilmo. Señor Arzobispo-Obispo de Madrid-Alcalá y Panegírico de Santo Tomás de Aquino / |
| Mención de responsabilidad, etc. | pronunciado por el M.R.P. Fr. Antonio Hernández. |
| 260 ## - PUBLICACIÓN, DISTRIBUCIÓN, ETC. | |
| Lugar de publicación, distribución, etc. | Madrid : |
| Nombre del editor, distribuidor, etc. | [s.n.], |
| Fecha de publicación, distribución, etc. | 1894 ( |
| Fabricante | Imprenta Colonial, a cargo de G. Gutiérrez) |
| 300 ## - DESCRIPCIÓN FÍSICA | |
| Extensión | 26 p. ; |
| Dimensiones | 23 cm. |
| 600 04 - PUNTO DE ACCESO ADICIONAL DE MATERIA--NOMBRE DE PERSONA | |
| Nombre de persona | Tomás de Aquino, |
| Títulos y otros términos asociados al nombre | Santo |
| 9 (RLIN) | 110514 |
| 650 #4 - PUNTO DE ACCESO ADICIONAL DE MATERIA--TÉRMINO DE MATERIA | |
| Término de materia o nombre geográfico como elemento de entrada | Panegíricos. |
| 9 (RLIN) | 163816 |
| 700 1# - ENTRADA AGREGADA--NOMBRE PERSONAL | |
| Nombre de persona | Hernández, Antonio |
| Títulos y otros términos asociados al nombre | O.P. |
| 9 (RLIN) | 222378 |
| 852 ## - LOCALIZACIÓN | |
| Ubicación | ES-MaACL |
| Número de control de estantería | T-792-F-10 |
| Nota libre | -- Enc. hol. conservando la rust. original |
| -- | -- Enc. en un vol. facticio |
| Estatus retirado | Estado de pérdida | Estado de daño | No para préstamo | Colección | Biblioteca de origen | Biblioteca actual | Ubicación en estantería | Fecha de adquisición | Total de préstamos | Signatura topográfica completa | Código de barras | Visto por última vez | Precio de reemplazo | Tipo de ítem Koha |
|---|---|---|---|---|---|---|---|---|---|---|---|---|---|---|
| Colección de folletos | Biblioteca del Ateneo de Madrid | Biblioteca del Ateneo de Madrid | Depósito folletos | 17/01/2008 | T-792-F-10 | 1170737 | 23/02/2023 | 23/02/2023 | Folleto |
